Pittsburgh Steelers - General Knowledge - Statistics

General Stats
  • This quiz has been taken 23 times
  • The average score is 9 of 15
Answer Stats
Hint Answer % Correct
How many Super Bowls have the Pittsburgh Steelers won? 6
100%
What division do the Pittsburgh Steelers play in? AFC North
95%
How many games did quarterback Ben Roethlisberger win in his rookie year with 0 losses? 13
85%
What is the nickname for the yellow towel Steelers fans wave around during games? Terrible Towel
80%
What season did the Steelers win their first Super Bowl? 1974
75%
What Pittsburgh ketchup brand was the former name for Acrisure Stadium, the current home of the Steelers Heinz
75%
The 1970s Pittsburgh Steelers defense earned which nickname? Steel Curtain
70%
What year were the Pittsburgh Steelers founded and joined the NFL? 1933
65%
The Pittsburgh Steelers merged with 2 teams during the World War II time period. Name 1 of them. Philadelphia Eagles | Chicago Cardinals
60%
What song is played at Steelers home games during the 4th quarter to hype fans up? Renegade
50%
Which rock band created the song above? Styx
50%
Which Hall of Fame quarterback was drafted by the Steelers before being traded to the Colts, winning multiple NFL Championships? Johnny Unitas
45%
Which famous Pittsburgh broadcaster created the above item? Myron Cope
40%
What was the original name of the Pittsburgh Steelers? Pittsburgh Pirates
40%
What running back fought in the Vietnam War and earned a Purple Heart before playing for the Steelers? Rocky Bleier
10%
No matching quizzes found
Score Distribution
Percent of People with Each Score
Percentile by Number Answered
Your Score History
You have not taken this quiz